| 000 | 00585nam a2200241 a 4500 | ||
|---|---|---|---|
| 001 | nice12345678 | ||
| 003 | IN_TiNIC | ||
| 005 | 20260116013534.0 | ||
| 008 | 050524s1996 muma grp 000 0 eng | ||
| 020 |
_a _c400 |
||
| 082 | 0 | 0 |
_a324.245408 _bTAL |
| 100 | _aTalreja, Kanayalal M | ||
| 245 | _aSecessionism in India | ||
| 260 |
_aMumbai _bRashtriya Chetna Prakashan _c1996 |
||
| 300 | _a622p | ||
| 500 | _aincludes index and biblioraphy | ||
| 505 | 2 | _aIndex | |
| 650 | _aHindutva | ||
| 700 | 1 | _aTalreja, Kanayalal M | |
| 902 | _bSRS | ||
| 942 | _cBK | ||
| 999 |
_c11384 _d11384 |
||